Holiday Quiz

Random Holiday or Typing Quiz

April Fools Typing Challenge (Words & Phrases) Quiz Stats

 Plays Quiz Updated Apr 1, 2018

Challenge
Share
Tweet
Embed
Score 0/37 Timer 01:00
8 Plays Today
Type this: Type Here! % Correct
First, type words quickly to get through this column fast.Fun
98%
First, type words quickly to get through this column fast.Sly
97.1%
First, type words quickly to get through this column fast.Day
96.2%
First, type words quickly to get through this column fast.April
95.9%
First, type words quickly to get through this column fast.Joke
94.8%
First, type words quickly to get through this column fast.Hoax
94.2%
First, type words quickly to get through this column fast.Fools
93.8%
First, type words quickly to get through this column fast.Jester
92.8%
First, type words quickly to get through this column fast.Kugel
91.8%
First, type words quickly to get through this column fast.Giggle
90.7%
First, type words quickly to get through this column fast.Hilaria
90.5%
First, type words quickly to get through this column fast.Harvey
89.8%
First, type words quickly to get through this column fast.Aprilvis
87.3%
First, type words quickly to get through this column fast.Equinox
86.6%
First, type words quickly to get through this column fast.Chaucer
85.5%
First, type words quickly to get through this column fast.Periwinkle
83.7%
First, type words quickly to get through this column fast.Orangered
81.9%
Next, type phrases, which will take longer, so concentrate.Pull a prank
79.4%
First, type words quickly to get through this column fast.Constantine
79.3%
Type this: Type Here! % Correct
Next, type phrases, which will take longer, so concentrate.Just kidding
74.7%
Next, type phrases, which will take longer, so concentrate.Holiday gag
70.5%
Next, type phrases, which will take longer, so concentrate.Foolish things
64.4%
Next, type phrases, which will take longer, so concentrate.Laugh out loud
60.9%
Next, type phrases, which will take longer, so concentrate.Many surprises
54.7%
Next, type phrases, which will take longer, so concentrate.More spaghetti
49.5%
Next, type phrases, which will take longer, so concentrate.Pesce d'aprile
40.8%
Next, type phrases, which will take longer, so concentrate.Poisson d'avril
34.3%
Next, type phrases, which will take longer, so concentrate.Gullible players
30.8%
Next, type phrases, which will take longer, so concentrate.Festival of words
27.7%
Next, type phrases, which will take longer, so concentrate.Unexpected twist
23.8%
Next, type phrases, which will take longer, so concentrate.Is this real life
21.9%
Next, type phrases, which will take longer, so concentrate.Or is this just fantasy
18.1%
Finally, you must type out the special message.Jag kan lura dig vart jag vill. Maj maj mane jag kan lura dig till Skane! (Swedish sayings -- in essence 'I can trick you where I want')
17.7%
Next, type phrases, which will take longer, so concentrate.Randomly patterned
17.6%
Next, type phrases, which will take longer, so concentrate.Pull wool over one's eyes
13.6%
Next, type phrases, which will take longer, so concentrate.Lead down the wrong path
13%
Next, type phrases, which will take longer, so concentrate.Exceedingly-difficult words
12.3%

You're not logged in!

Compare scores with friends on all Sporcle quizzes.
OR
Log In

You Might Also Like...

Show Comments

Extras

Top Quizzes Today


Score Distribution

Your Account Isn't Verified!

In order to create a playlist on Sporcle, you need to verify the email address you used during registration. Go to your Sporcle Settings to finish the process.

Report this User

Report this user for behavior that violates our Community Guidelines.

Details: